[Event "Fagernes Autumn op"]
[Site "Fagernes"]
[Date "2023.10.13"]
[Round "7"]
[White "Rynning, Rune Kleiven"]
[Black "Stromhaug, Kristoffer Wang"]
[Result "0-1"]
[WhiteElo "1712"]
[BlackElo "1946"]
[PlyCount "80"]
[EventDate "2023.10.08"]
[EventType "swiss"]
[EventRounds "9"]
[EventCountry "NOR"]
[SourceTitle "Mega2024 Update 01"]
[Source "Chessbase"]
[SourceDate "2023.11.12"]
[SourceVersion "1"]
[SourceVersionDate "2023.11.12"]
[SourceQuality "1"]

1. c4 e5 2. g3 Nf6 3. Bg2 d5 4. cxd5 Nxd5 5. Nc3 Nb6 6. Nf3 Nc6 7. 0-0 Be7 8. d3 Be6 9. Be3 0-0 10. a3 f5 11. Rc1 Kh8 12. Na4 e4 13. Ne1 Nd5 14. Bc5 Nf6 15. Bxe7 Qxe7 16. Nc5 Bd5 17. b4 b6 18. Na6 Rac8 19. b5 Na5 20. dxe4 Bc4 21. a4 c6 22. e5 Ne4 23. Nd3 cxb5 24. axb5 Bxb5 25. Rxc8 Rxc8 26. Nab4 Bxd3 27. Nxd3 Nc6 28. f4 b5 29. Bxe4 fxe4 30. Nf2 e3 31. Ne4 b4 32. Qd5 Nd8 33. Rd1 g6 34. Nd6 Rb8 35. Rb1 Qe6 36. Qc5 Qa2 37. Rxb4 Qxe2 38. Ne4 Qe1+ 39. Kg2 Qxb4 40. Qxe3 Qb6 0-1

[Event "NOR-chT Elite 2223"]
[Site "Norway"]
[Date "2023.03.03"]
[Round "7.46"]
[White "Nordquelle, Daniel"]
[Black "Stromhaug, Kristoffer Wang"]
[Result "1/2-1/2"]
[WhiteElo "2151"]
[BlackElo "1780"]
[PlyCount "80"]
[EventDate "2022.11.11"]
[EventType "team-tourn"]
[EventRounds "9"]
[EventCountry "NOR"]
[SourceTitle "CBM 213 Extra"]
[Source "ChessBase"]
[SourceDate "2023.05.31"]
[SourceVersion "1"]
[SourceVersionDate "2023.05.31"]
[SourceQuality "1"]
[WhiteTeam "Nordstrand"]
[BlackTeam "Hell"]
[WhiteTeamCountry "NOR"]
[BlackTeamCountry "NOR"]

1. e4 e5 2. Nf3 Nf6 3. Nxe5 d6 4. Nf3 Nxe4 5. d4 d5 6. Bd3 Nc6 7. 0-0 Be7 8. Re1 Bf5 9. a3 0-0 10. c4 Re8 11. Qb3 dxc4 12. Bxc4 Nd6 13. Bd5 Bf6 14. Rd1 Nxd4 15. Nxd4 Bxd4 16. Be3 c5 17. Nc3 Qf6 18. Bxd4 cxd4 19. Nb5 Nxb5 20. Qxb5 Rad8 21. Qxb7 d3 22. Bf3 Qd4 23. Rd2 Rb8 24. Qc6 Rec8 25. Qd5 Qxd5 26. Bxd5 Rc2 27. Rdd1 Rbxb2 28. g4 Bxg4 29. Rxd3 g6 30. h3 Bf5 31. Rf3 Be6 32. Bxe6 fxe6 33. Rd1 Rd2 34. Rc1 Rb7 35. Rc6 Re7 36. Ra6 Kg7 37. Kg2 e5 38. Kg1 Kg8 39. Ra5 e4 40. Re3 Rd4 1/2-1/2

[Event "NOR-chT Elite 2223"]
[Site "Norway"]
[Date "2022.11.12"]
[Round "2.26"]
[White "Ingebretsen, Jens E"]
[Black "Stromhaug, Kristoffer Wang"]
[Result "1/2-1/2"]
[WhiteElo "2373"]
[BlackElo "1750"]
[PlyCount "127"]
[EventDate "2022.11.11"]
[EventType "team-tourn"]
[EventRounds "9"]
[EventCountry "NOR"]
[SourceTitle "CBM 211 Extra"]
[Source "ChessBase"]
[SourceDate "2023.01.31"]
[SourceVersion "1"]
[SourceVersionDate "2023.01.31"]
[SourceQuality "1"]
[WhiteTeam "OSS"]
[BlackTeam "Hell"]
[WhiteTeamCountry "NOR"]
[BlackTeamCountry "NOR"]

1. c4 c6 2. Nf3 Nf6 3. d4 d5 4. Nc3 e6 5. e3 Nbd7 6. Be2 dxc4 7. a4 Bd6 8. Nd2 e5 9. Nxc4 Bc7 10. e4 0-0 11. d5 cxd5 12. exd5 Nb6 13. Ne3 Bd6 14. a5 Nbd7 15. 0-0 a6 16. Nc4 Bc5 17. Kh1 b5 18. axb6 Nxb6 19. Nxe5 Nbxd5 20. Nxd5 Qxd5 21. Qxd5 Nxd5 22. Ra5 Re8 23. Rxc5 Rxe5 24. Bf3 Bb7 25. Rd1 Rd8 26. Bf4 Ree8 27. Bg5 f6 28. Bc1 Nb4 29. Rxd8 Rxd8 30. Be3 Bxf3 31. gxf3 Nd3 32. Rc6 Nxb2 33. Rxa6 Nc4 34. Kg2 Rd7 35. Ra4 Nd6 36. Ra5 Kf7 37. Kg3 g6 38. Ra4 Nf5+ 39. Kg2 Nd6 40. Kf1 Nf5 41. Ke2 Ne7 42. Ra6 Nf5 43. Ra4 Ne7 44. Rh4 Kg7 45. Bh6+ Kg8 46. Be3 Nf5 47. Rc4 Kf7 48. f4 Ke6 49. Re4+ Kf7 50. Ra4 Ke6 51. Ra6+ Rd6 52. Ra8 Rd7 53. Rh8 Rf7 54. Kf3 Rg7 55. Bc5 Rc7 56. Be3 Rd7 57. Kg4 Nh6+ 58. Kf3 Nf5 59. Rb8 Kf7 60. Rb6 Rc7 61. Bd2 Rd7 62. Bc1 Rd3+ 63. Ke2 Rb3 64. Rxb3 1/2-1/2

[Event "Trondheim Pokal TSF"]
[Site "Trondheim"]
[Date "2020.09.21"]
[Round "3"]
[White "Stromhaug, Kristoffer Wang"]
[Black "Rolfsen, Rolf"]
[Result "1-0"]
[WhiteElo "1644"]
[BlackElo "1371"]
[PlyCount "75"]
[EventDate "2020.09.07"]
[EventType "swiss"]
[EventRounds "9"]
[EventCountry "NOR"]
[SourceTitle "EXT 2024"]
[Source "ChessBase"]
[SourceDate "2023.10.10"]
[SourceVersion "1"]
[SourceVersionDate "2023.10.10"]
[SourceQuality "1"]

1. e4 d5 2. exd5 Nf6 3. d4 Bg4 4. Be2 Bxe2 5. Qxe2 Qxd5 6. Nf3 Nc6 7. 0-0 Nxd4 8. Nxd4 Qxd4 9. Qb5+ c6 10. Qxb7 Rd8 11. Qxc6+ Rd7 12. Nc3 e6 13. Be3 Qd6 14. Qxd6 Bxd6 15. Rfd1 0-0 16. Rd3 a6 17. Rad1 Rfd8 18. Bb6 Bxh2+ 19. Kxh2 Rxd3 20. Rxd3 Rxd3 21. cxd3 Ng4+ 22. Kg3 Ne5 23. b3 Nxd3 24. Kf3 f6 25. Ke4 Ne5 26. Na4 Nd7 27. Ba7 Kf7 28. Nc5 f5+ 29. Kd4 Nxc5 30. Bxc5 Kf6 31. b4 e5+ 32. Ke3 Ke6 33. f4 Kd5 34. fxe5 Kxe5 35. Bd4+ Kd5 36. Bxg7 h5 37. Kf4 Kc4 38. Bf8 1-0

[Event "Hell op"]
[Site "Hell"]
[Date "2019.08.09"]
[Round "8"]
[White "Ji, Jiahao Eric"]
[Black "Stromhaug, Kristoffer Wang"]
[Result "1/2-1/2"]
[WhiteElo "1605"]
[BlackElo "1655"]
[PlyCount "56"]
[EventDate "2019.08.03"]
[EventType "swiss"]
[EventRounds "10"]
[EventCountry "NOR"]
[SourceTitle "CBM 191 Extra"]
[Source "ChessBase"]
[SourceDate "2019.09.30"]
[SourceVersion "1"]
[SourceVersionDate "2019.09.30"]
[SourceQuality "1"]

1. e4 c5 2. Nf3 Nc6 3. d4 cxd4 4. Nxd4 g6 5. Nxc6 bxc6 6. Be3 Bg7 7. Bd4 Nf6 8. Nc3 d6 9. Be2 0-0 10. 0-0 c5 11. Be3 Rb8 12. Rb1 Bb7 13. f3 Bc6 14. Qd2 Qb6 15. b4 Nd7 16. bxc5 Qc7 17. cxd6 exd6 18. Bh6 Bxh6 19. Qxh6 Nb6 20. Bd3 Na4 21. Ne2 Nc5 22. Nf4 Bd7 23. e5 Nxd3 24. cxd3 dxe5 25. Nh5 gxh5 26. Qg5+ Kh8 27. Qf6+ Kg8 28. Qg5+ Kh8 1/2-1/2

[Event "Helsingor Xtracon op"]
[Site "Helsingor"]
[Date "2019.07.28"]
[Round "10"]
[White "Stromhaug, Kristoffer Wang"]
[Black "Markussen, Bernt Olav"]
[Result "0-1"]
[WhiteElo "1566"]
[BlackElo "1761"]
[PlyCount "66"]
[EventDate "2019.07.20"]
[EventType "swiss"]
[EventRounds "10"]
[EventCountry "DEN"]
[SourceTitle "CBM 191 Extra"]
[Source "ChessBase"]
[SourceDate "2019.09.30"]
[SourceVersion "1"]
[SourceVersionDate "2019.09.30"]
[SourceQuality "1"]

1. e4 d6 2. d4 Nf6 3. Nc3 g6 4. Be2 Bg7 5. Be3 c6 6. Qd2 b5 7. Bh6 Bxh6 8. Qxh6 b4 9. Nb1 Nxe4 10. Qg7 Rf8 11. Qxh7 Qa5 12. b3 Ba6 13. f3 Nf6 14. Qh4 Qf5 15. Kd2 c5 16. c4 bxc3+ 17. Nxc3 g5 18. Qf2 Qf4+ 19. Qe3 Qxd4+ 20. Qxd4 cxd4 21. Nb5 Bxb5 22. Bxb5+ Nbd7 23. Rc1 Kd8 24. Ne2 e5 25. Rc6 Ke7 26. Re1 Rfb8 27. a4 Rb6 28. Nxd4 Rab8 29. Rc7 Kd8 30. Rxa7 exd4 31. Kd3 R6b7 32. Ra5 Nc5+ 33. Ke2 Re7+ 0-1

[Event "Helsingor Xtracon op"]
[Site "Helsingor"]
[Date "2019.07.25"]
[Round "7"]
[White "Masotti, Roberto"]
[Black "Stromhaug, Kristoffer Wang"]
[Result "0-1"]
[WhiteElo "1814"]
[BlackElo "1566"]
[PlyCount "88"]
[EventDate "2019.07.20"]
[EventType "swiss"]
[EventRounds "10"]
[EventCountry "DEN"]
[SourceTitle "CBM 191 Extra"]
[Source "ChessBase"]
[SourceDate "2019.09.30"]
[SourceVersion "1"]
[SourceVersionDate "2019.09.30"]
[SourceQuality "1"]

1. d4 d5 2. Bf4 Bf5 3. e3 e6 4. c4 Bxb1 5. Qxb1 Bb4+ 6. Kd1 c6 7. Nf3 Bd6 8. Bg3 Ne7 9. c5 Bxg3 10. hxg3 h6 11. Ne5 Nd7 12. Nxd7 Qxd7 13. b4 b5 14. a4 a6 15. axb5 cxb5 16. Ra5 0-0 17. Qa1 Qb7 18. Qb2 Nc6 19. Ra3 Rfd8 20. g4 e5 21. dxe5 d4 22. Rd3 dxe3 23. fxe3 Rxd3+ 24. Bxd3 Qd7 25. Ke2 Qxg4+ 26. Kf2 Qxb4 27. Qxb4 Nxb4 28. Be4 Rc8 29. Rd1 Kf8 30. Rb1 a5 31. Rc1 Na6 32. Rb1 Nb4 33. Rc1 a4 34. Rc3 Na6 35. c6 Nc7 36. Rd3 Ne6 37. Rd7 Nc5 38. Rd4 Nxe4+ 39. Rxe4 Rxc6 40. Rb4 Rb6 41. Ke2 a3 42. Rb3 b4 43. Rb1 b3 44. Kd2 a2 0-1

[Event "Helsingor Xtracon op"]
[Site "Helsingor"]
[Date "2019.07.22"]
[Round "4"]
[White "Stromhaug, Kristoffer Wang"]
[Black "Manz, Andreas"]
[Result "1/2-1/2"]
[WhiteElo "1566"]
[BlackElo "1770"]
[PlyCount "54"]
[EventDate "2019.07.20"]
[EventType "swiss"]
[EventRounds "10"]
[EventCountry "DEN"]
[SourceTitle "CBM 191 Extra"]
[Source "ChessBase"]
[SourceDate "2019.09.30"]
[SourceVersion "1"]
[SourceVersionDate "2019.09.30"]
[SourceQuality "1"]

1. e4 e5 2. Nf3 Nf6 3. Nc3 Bb4 4. Nxe5 0-0 5. Be2 Re8 6. Nf3 Nxe4 7. Nxe4 Rxe4 8. 0-0 d5 9. c3 Bd6 10. d4 h6 11. Bd3 Re8 12. h3 Nd7 13. Be3 Nf6 14. Qd2 Ne4 15. Qc2 c6 16. c4 Bf5 17. c5 Bc7 18. Nd2 Qd7 19. Nxe4 Bxe4 20. Bxe4 Rxe4 21. Qd3 Rae8 22. Bd2 R8e6 23. Rfe1 Qe7 24. Rxe4 Rxe4 25. Kf1 Qf6 26. Bc3 Qf5 27. Rd1 Qe6 1/2-1/2

[Event "NOR-ch U12"]
[Site "Larvik"]
[Date "2019.07.10"]
[Round "6"]
[White "Stromhaug, Kristoffer Wang"]
[Black "Helliesen, Lykke Merlot"]
[Result "1-0"]
[WhiteElo "1566"]
[BlackElo "1505"]
[PlyCount "67"]
[EventDate "2019.07.05"]
[EventType "swiss"]
[EventRounds "9"]
[EventCountry "NOR"]
[SourceTitle "EXT 2024"]
[Source "ChessBase"]
[SourceDate "2023.10.10"]
[SourceVersion "1"]
[SourceVersionDate "2023.10.10"]
[SourceQuality "1"]

1. e4 e5 2. Nf3 Nc6 3. Nc3 Bc5 4. a3 d6 5. b4 Bb6 6. Bc4 Bg4 7. h3 Bh5 8. Nd5 Nf6 9. d3 Nd4 10. Bg5 h6 11. Bxf6 Nxf3+ 12. gxf3 gxf6 13. Rg1 c6 14. Ne3 Bd4 15. Rb1 Bg6 16. Qd2 Bxe3 17. fxe3 f5 18. Qf2 Qe7 19. Kd2 0-0-0 20. exf5 Bxf5 21. e4 Bxh3 22. Qxa7 Qc7 23. b5 b6 24. Qa8+ Kd7 25. bxc6+ Ke7 26. Qb7 Rc8 27. Qxc7+ Rxc7 28. Rxb6 Kd8 29. Ba6 Bc8 30. Bxc8 Kxc8 31. Rgb1 Kd8 32. Rb8+ Rc8 33. R1b7 f6 34. Rd7+ 1-0

[Event "Helsingor Xtracon op"]
[Site "Helsingor"]
[Date "2018.07.23"]
[Round "4"]
[White "Andreasen, Jon S"]
[Black "Stromhaug, Kristoffer Wang"]
[Result "0-1"]
[WhiteElo "1736"]
[BlackElo "1502"]
[PlyCount "102"]
[EventDate "2018.07.21"]
[EventType "swiss"]
[EventRounds "10"]
[EventCountry "DEN"]
[SourceTitle "CBM 185 Extra"]
[Source "ChessBase"]
[SourceDate "2018.07.29"]
[SourceVersion "1"]
[SourceVersionDate "2018.07.29"]
[SourceQuality "1"]

1. b3 e5 2. Bb2 Nc6 3. e3 d6 4. Bb5 a6 5. Bxc6+ bxc6 6. Ne2 g6 7. 0-0 Bg7 8. f4 Ne7 9. fxe5 dxe5 10. d3 0-0 11. Nd2 Bb7 12. e4 Qd7 13. Nc4 f6 14. Ba3 Rab8 15. Bc5 Rf7 16. Ng3 Nc8 17. Ne3 Nb6 18. Ng4 Rd8 19. Be3 Kh8 20. Kh1 Bc8 21. h3 f5 22. Nh6 Bxh6 23. Bxh6 f4 24. Qf3 Qe7 25. Ne2 Qh4 26. Bxf4 exf4 27. Rf2 g5 28. Rff1 g4 29. Qf2 Qxf2 30. Rxf2 gxh3 31. gxh3 Bxh3 32. Nxf4 Rdf8 33. Nxh3 Rxf2 34. Nxf2 Rxf2 35. Rc1 Kg7 36. a4 Kf6 37. a5 Nd7 38. d4 c5 39. c3 Rb2 40. b4 Re2 41. Rf1+ Ke6 42. d5+ Ke7 43. Rb1 Rxe4 44. b5 axb5 45. Rxb5 Ra4 46. Rb7 Rxa5 47. Rxc7 Ra3 48. Rc6 Rxc3 49. Rh6 Nf6 50. d6+ Kf7 51. d7 Rd3 0-1